Mathematics: the man-made universe; (Record no. 180212)
[ view plain ]
| 000 -LEADER | |
|---|---|
| fixed length control field | 01165 a2200205 4500 |
| 003 - CONTROL NUMBER IDENTIFIER | |
| control field | Nust |
| 005 - DATE AND TIME OF LATEST TRANSACTION | |
| control field | 20230223174636.0 |
| 010 ## - LIBRARY OF CONGRESS CONTROL NUMBER | |
| LC control number | 688634 |
| 020 ## - INTERNATIONAL STANDARD BOOK NUMBER | |
| International Standard Book Number | 0716704366 |
| 040 ## - CATALOGING SOURCE | |
| Transcribing agency | Nust |
| 082 ## - DEWEY DECIMAL CLASSIFICATION NUMBER | |
| Classification number | 510,STE |
| 100 ## - MAIN ENTRY--PERSONAL NAME | |
| Personal name | Stein K,Sherman |
| 9 (RLIN) | 109535 |
| 245 ## - TITLE STATEMENT | |
| Title | Mathematics: the man-made universe; |
| Remainder of title | an introduction to the spirit of mathematics / |
| Statement of responsibility, etc. | Stein, Sherman K. |
| 250 ## - EDITION STATEMENT | |
| Edition statement | 2nd ed |
| 260 ## - PUBLICATION, DISTRIBUTION, ETC. | |
| Place of publication, distribution, etc. | San Francisco, |
| Name of publisher, distributor, etc. | W. H. Freeman |
| Date of publication, distribution, etc. | [1963 |
| 300 ## - PHYSICAL DESCRIPTION | |
| Extent | 415:P |
| 505 ## - FORMATTED CONTENTS NOTE | |
| Formatted contents note | The Fifteen Puzzle (Page-1), The Complete Triangle (Page-16), Questions on Weighing (Page-32) The Primes (Page-41), The Fundamentals Theorem of Arithmetic (Page-59), Rational and Irrationals (Page-76), Titling (Page-92), Titling And Electricity (Page-107), The Highway Inspector and The Saleman (Page-125), Memory Wheels (Page-140), Congruence (Page-152), Strange Algebras (Page-171), Orthogonal Tables (Page-190), Map Coloring (Page-212), The Representation of Numbers (Page-238), Types of Numbers (Page-259), Construction By Straight guide and Compass (Page-293), Infinite Sets (Page-314), A General View (Page-339). |
| 650 ## - SUBJECT ADDED ENTRY--TOPICAL TERM | |
| Topical term or geographic name entry element | Mathematics |
| 942 ## - ADDED ENTRY ELEMENTS (KOHA) | |
| Source of classification or shelving scheme | |
| Koha item type | Book |
| Withdrawn status | Lost status | Source of classification or shelving scheme | Damaged status | Not for loan | Permanent Location | Current Location | Shelving location | Date acquired | Full call number | Barcode | Date last seen | Price effective from | Koha item type | Public note |
|---|---|---|---|---|---|---|---|---|---|---|---|---|---|---|
| Military College of Signals (MCS) | Military College of Signals (MCS) | General Stacks | 12/12/2016 | 510,STE | MCS7608 | 12/08/2016 | 12/12/2016 | Book | Almirah No.71, Shelf No.2 |
